Perspectives on Work

محفوظ في:

التنسيق: دورية

اللغة: Undetermined

منشور في: JSTOR
University of Illinois Press

الموضوعات:

الوصول للمادة أونلاين: Login to view Source

الوسوم: إضافة وسم

لا توجد وسوم, كن أول من يضع وسما على هذه التسجيلة!

رقم الطلب:

LEADER 00494nas a2200157Ia 4500
008 220214c99999999xx |||||||||||| ||und||
022 |a 1534-9276 
245 0 0 |a Perspectives on Work 
264 1 |b JSTOR 
264 1 |b University of Illinois Press 
362 0 |a Vol. 1(1997)-21 (2017) 
653 1 0 |a Labor & Employment Relations 
856 4 0 |u https://www.jstor.org/journal/personwork 
942 |c JL 
952 |0 0  |1 0  |4 0  |7 1  |9 36599  |a JSR  |b JSR  |d 2022-02-14  |l 0  |r 2022-02-14 00:00:00  |w 2022-02-14  |y JL 
999 |c 44931  |d 44931